000 01031nam a22002897a 4500
003 CHAP
005 20220329141606.0
008 971013s1982 r 00010 d
010 _a70662
011 _a71634
035 _a81188
040 _cCHAP
082 _a621.3745
_bS8
110 _aAgencia Gubernamental Sueca de Cooperación Científica con los Países en Desarrollo
_91115
245 _aStrengthening of energy research capacity in developing countries
_b: report from a SAREC workshop
260 _aStockholm :
_bThe Agency,
_c1982
300 _a2 v.
590 _aBATCH-UPD
_b10
_c20130110
_lUCH01
_h1711
590 _aBATCH-UPD
_b10
_c20130410
_lUCH01
_h1056
590 _aBATCH-UPD
_b10
_c20130914
_lUCH01
_h1308
590 _aCONVERSION
_b10
_c20130109
_lUCH01
_h1339
650 1 4 _aEnergía
_xInvestigación.
_936886
901 _aBK
942 _cLIBRO
949 _a621.3745 S8
_bBC
_cLIBRO
_d33724000015947
_eLIBRO
_fv.1
_h66419
_i81188
_si
949 _a621.3745 S8
_bBC
_cLIBRO
_d33724000016010
_eLIBRO
_fv.2
_h66420
_i81188
_si
999 _c70662
_d70662